000 00308nam a22001337a 4500
008 171025b xxu||||| |||| 00| 0 eng d
020 _a08390117280
041 _aeng
080 _a311
100 _a55
101 _aSTA
245 _aBASIC STATISTICS IN THE HUMAN SERVICES
_cANN.E.M
942 _2udc
_cBK
999 _c35881
_d35881